Environmental engineering (Record no. 5357)

000 -LEADER
fixed length control field 00678nam a2200241 4500
001 - CONTROL NUMBER
control field 5357
003 - CONTROL NUMBER IDENTIFIER
control field BD-DhUET
008 - FIXED-LENGTH DATA ELEMENTS--GENERAL INFORMATION
fixed length control field 141126b xxu||||| |||| 00| 0 eng d
020 ## - INTERNATIONAL STANDARD BOOK NUMBER
International Standard Book Number 0071002316
040 ## - CATALOGING SOURCE
Transcribing agency 0
Modifying agency BD-DhUET
082 ## - DEWEY DECIMAL CLASSIFICATION NUMBER
Classification number 628
Item number PEA/1985
100 ## - MAIN ENTRY--PERSONAL NAME
Personal name Peavy, Howard S
245 ## - TITLE STATEMENT
Title Environmental engineering
250 ## - EDITION STATEMENT
Edition statement 1st ed.
260 ## - PUBLICATION, DISTRIBUTION, ETC. (IMPRINT)
Place of publication, distribution, etc. New york
Name of publisher, distributor, etc. McGraw-Hill
Date of publication, distribution, etc. 1985
300 ## - PHYSICAL DESCRIPTION
Extent xiv,699 p.+various paging
Other physical details ill.
490 ## - SERIES STATEMENT
Series statement McGraw-Hill series in water resources and environmental engineering
504 ## - BIBLIOGRAPHY, ETC. NOTE
Bibliography, etc Includes bibliographies
650 #0 - SUBJECT ADDED ENTRY--TOPICAL TERM
Topical term or geographic name as entry element Environmental engineering
700 ## - ADDED ENTRY--PERSONAL NAME
Personal name Rowe, Donald R.
700 ## - ADDED ENTRY--PERSONAL NAME
Personal name Tchobanoglous, George
942 ## - ADDED ENTRY ELEMENTS (KOHA)
Koha item type General Book
Holdings
Koha date last borrowed Shelving location Piece designation (barcode) Lost status Koha item type Koha normalized classification for sorting Date acquired Koha renewals Koha full call number Koha date last seen Not for loan Copy number Price effective from Withdrawn status Sublocation or collection (holding branch) Location (home branch) Source of classification or shelving scheme Koha issues (times borrowed) Damaged status
2023-12-10Circulation section81896 General Book628PEA19852014-11-26 628/PEA/19852024-09-08 12014-11-26 Central Library, BUETCentral Library, BUET 9 
2024-03-16Circulation section81895 General Book628PEA19852014-11-26 628/PEA/19852024-06-02 22014-11-26 Central Library, BUETCentral Library, BUET 10 
 Reading section88788 Reading Item628_000000000000000_PEA_19852015-06-18 628/PEA/19852015-06-18 32015-06-18 Central Library, BUETCentral Library, BUET   
 Reading section87579 Reading Item628_000000000000000_PEA_19852015-06-18 628/PEA/19852015-06-18 42015-06-18 Central Library, BUETCentral Library, BUET   
2020-03-16Circulation section81894 General Book628_000000000000000_PEA_19851991-10-28 628/PEA/19852021-11-13 52017-10-31 Central Library, BUETCentral Library, BUET 2 
 Rental section81847 Rental Item628_000000000000000_PEA_19851991-10-28 628 PEA/19852024-12-01 ক-৫১2024-12-01 Central Library, BUETCentral Library, BUET   
 Rental section81874 Rental Item628_000000000000000_PEA_19851991-10-28 628 PEA/19852024-12-01 ক-৭৮2024-12-01 Central Library, BUETCentral Library, BUET   
 Rental section81875 Rental Item628_000000000000000_PEA_19851991-10-28 628 PEA/19852024-12-01 ক-৭৯2024-12-01 Central Library, BUETCentral Library, BUET   
 Rental section81876 Rental Item628_000000000000000_PEA_19851991-10-28 628 PEA/19852024-12-01 ক-৮০2024-12-01 Central Library, BUETCentral Library, BUET   
 Rental section81877 Rental Item628_000000000000000_PEA_19851991-10-28 628 PEA/19852024-12-01 ক-৮১2024-12-01 Central Library, BUETCentral Library, BUET   
 Rental section81878 Rental Item628_000000000000000_PEA_19851991-10-28 628 PEA/19852024-12-01 ক-৮২2024-12-01 Central Library, BUETCentral Library, BUET   
 Rental section81879 Rental Item628_000000000000000_PEA_19851991-10-28 628 PEA/19852024-12-01 ক-৮৩2024-12-01 Central Library, BUETCentral Library, BUET   
 Rental section81880 Rental Item628_000000000000000_PEA_19851991-10-28 628 PEA/19852024-12-01 ক-৮৪2024-12-01 Central Library, BUETCentral Library, BUET   
 Rental section81881 Rental Item628_000000000000000_PEA_19851991-10-28 628 PEA/19852024-12-01 ক-৮৫2024-12-01 Central Library, BUETCentral Library, BUET   
 Rental section81882 Rental Item628_000000000000000_PEA_19851991-10-28 628 PEA/19852024-12-01 ক-৮৬2024-12-01 Central Library, BUETCentral Library, BUET   
 Rental section81883 Rental Item628_000000000000000_PEA_19851991-10-28 628 PEA/19852024-12-01 ক-৮৭2024-12-01 Central Library, BUETCentral Library, BUET   
 Rental section81884 Rental Item628_000000000000000_PEA_19851991-10-28 628 PEA/19852024-12-01 ক-৮৭2024-12-01 Central Library, BUETCentral Library, BUET